| 000 | 00949nam a22002417a 4500 | ||
|---|---|---|---|
| 001 | 46816 | ||
| 003 | BD-RjUL | ||
| 005 | 20211209054217.0 | ||
| 008 | 160804s1966 bg ||||| |||| 00| 0 ben d | ||
| 020 | _c: TK 2.50 | ||
| 035 | _a(BD-RjUL)46935 | ||
| 040 |
_aBD-RjUL _bben _cBD-RjUL |
||
| 041 | _aben | ||
| 082 |
_223 _a321.8 _bPAG 1966 |
||
| 100 |
_aপ্যাডোভার, সাউল কে. _9142635 |
||
| 245 | 1 | 0 |
_aগণতন্ত্রের তাৎপর্য : _bআমেরিকার অভিজ্ঞতার আলোকে / _cসাউল কে. প্যাডোভার |
| 260 |
_aঢাকা : _bসাহিত্যিকা, _c১৯৬৬ |
||
| 300 |
_a[৮], ১৯৭ পৃ. ; _c২১ সেমি . |
||
| 650 |
_aDemocracy _9142636 |
||
| 650 |
_aগণতন্ত্র _9142637 |
||
| 700 |
_aআহমদ, রফিকউদ্দীন, অনুবাদ _9142638 |
||
| 942 |
_2ddc _cBK |
||
| 999 |
_c46816 _d46816 |
||